Задачи по химии и способы их решения (Запись № 9874619)

Подробности
000 -МАРКЕР
контрольное поле 01789nam0a2200433 4500
001 - ИДЕНТИФИКАТОР ЗАПИСИ
контрольное поле RU\NLR\BIBL_A\010015434
005 - ИДЕНТИФИКАТОР ВЕРСИИ
контрольное поле 20260406150556.0
010 ## - МЕЖДУНАРОДНЫЙ СТАНДАРТНЫЙ НОМЕР КНИГИ (ISBN)
Номер (ISBN) 978-5-358-13626-7
Тираж 1000
021 ## - НОМЕР ГОСУДАРСТВЕННОЙ РЕГИСТРАЦИИ
Код страны Российская Федерация
Номер 2017-41645
Номер Листа государственной регистраци 3024
021 ## - НОМЕР ГОСУДАРСТВЕННОЙ РЕГИСТРАЦИИ
Код страны Российская Федерация
Номер 2015-59640
Номер Листа государственной регистраци 3526
021 ## - НОМЕР ГОСУДАРСТВЕННОЙ РЕГИСТРАЦИИ
Код страны Российская Федерация
Номер 2017-77453
Номер Листа государственной регистраци 5525
021 ## - НОМЕР ГОСУДАРСТВЕННОЙ РЕГИСТРАЦИИ
Код страны Российская Федерация
Номер 2013-88468
Номер Листа государственной регистраци 6122
035 ## - ДРУГИЕ СИСТЕМНЫЕ НОМЕРА
Идентификатор записи (RuMoRGB)008905719
035 ## - ДРУГИЕ СИСТЕМНЫЕ НОМЕРА
Идентификатор записи (NILC)RuMoRGB-006691496
035 ## - ДРУГИЕ СИСТЕМНЫЕ НОМЕРА
Идентификатор записи (NLR Aleph) 010015434
100 ## - ДАННЫЕ ОБЩЕЙ ОБРАБОТКИ
Данные общей обработки 20131217d2014 |||y0rusy50 ca
101 0# - ЯЗЫК РЕСУРСА
Язык текста, звукозаписи и т.д. русский
102 ## - СТРАНА ПУБЛИКАЦИИ ИЛИ ПРОИЗВОДСТВА
Страна публикации Российская Федерация
105 ## - ПОЛЕ КОДИРОВАННЫХ ДАННЫХ: ТЕКСТОВЫЕ МАТЕРИАЛЫ, МОНОГРАФИЧЕСКИЕ
Кодированные данные о монографическом текстовом документе y|||j|||000yy
200 1# - ЗАГЛАВИЕ И СВЕДЕНИЯ ОБ ОТВЕТСТВЕННОСТИ
Основное заглавие Задачи по химии и способы их решения
Сведения, относящиеся к заглавию 8-9 классы
Первые сведения об ответственности О.С. Габриелян, П.В. Решетов, И.Г. Остроумов
205 ## - СВЕДЕНИЯ ОБ ИЗДАНИИ
Сведения об издании 5-е изд., стер.
210 ## - ПУБЛИКАЦИЯ, РАСПРОСТРАНЕНИЕ И ДР.
Место издания, распространения и т.д. Москва
Имя издателя, распространителя и т. д. Дрофа
Дата издания, распространения и т.д. 2014
-- [т.е. 2013]
215 ## - ФИЗИЧЕСКАЯ ХАРАКТЕРИСТИКА
Специфическое обозначение материала и объем 158 с.
Размеры 20
225 1# - СЕРИЯ
Основное заглавие серии Темы школьного курса
Наименование части Химия
300 ## - ОБЩИЕ ПРИМЕЧАНИЯ
Текст примечания Кн. фактически изд. в 2013 г.
606 1# - НАИМЕНОВАНИЕ ТЕМЫ КАК ПРЕДМЕТ
Наименование темы Химия
Формальный подзаголовок Учебные издания для средней школы
Тематический подзаголовок Задачи
-- Решение
Системный номер авторитетной/нормативной записи 1882966
Идентификатор авторитетной/нормативной записи RU\NLR\AUTH\661146220
675 ## - УНИВЕРСАЛЬНАЯ ДЕСЯТИЧНАЯ КЛАССИФИКАЦИЯ (UDC/УДК)
Индекс 373.167.1:54
675 ## - УНИВЕРСАЛЬНАЯ ДЕСЯТИЧНАЯ КЛАССИФИКАЦИЯ (UDC/УДК)
Индекс 54(075.3)
686 1# - ИНДЕКСЫ ДРУГИХ КЛАССИФИКАЦИЙ
Индекс Г1я721-41
700 #1 - ИМЯ ЛИЦА - ПЕРВИЧНАЯ ОТВЕТСТВЕННОСТЬ
Материалы, к которым относится поле rus
Графика поля Кириллица
Начальный элемент ввода Габриелян
Часть имени, кроме начального элемента ввода О. С.
Дополнения к именам, кроме дат канд. пед. наук
Расширение инициалов личного имени Олег Сергеевич
Идентификатор авторитетной/нормативной записи RU\NLR\AUTH\775057
Системный номер авторитетной/нормативной записи 115027
701 #1 - ИМЯ ЛИЦА - АЛЬТЕРНАТИВНАЯ ОТВЕТСТВЕННОСТЬ
Начальный элемент ввода Решетов
Часть имени, кроме начального элемента ввода П. В.
Расширение инициалов личного имени Павел Владимирович
701 #1 - ИМЯ ЛИЦА - АЛЬТЕРНАТИВНАЯ ОТВЕТСТВЕННОСТЬ
Материалы, к которым относится поле rus
Графика поля Кириллица
Начальный элемент ввода Остроумов
Часть имени, кроме начального элемента ввода И. Г.
Даты 1962-
Расширение инициалов личного имени Игорь Геннадьевич
Идентификатор авторитетной/нормативной записи RU\NLR\AUTH\7747133
Системный номер авторитетной/нормативной записи 30068
801 #0 - ИСТОЧНИК ЗАПИСИ
Страна Российская Федерация
Организация RuMoRKP
Дата составления 20131031
Правила каталогизации RCR
801 #2 - ИСТОЧНИК ЗАПИСИ
Страна Российская Федерация
Организация РГБ
Дата составления 20131111
Правила каталогизации rcr
942 ## - ДОПОЛНИТЕЛЬНЫЕ ЭЛЕМЕНТЫ ЗАПИСИ (АБИС)
Тип экземпляра АБИС Книга
980 ## - КОЛЛЕКЦИЯ
Название коллекции Национальная библиография
Экземпляры
Тип экземпляра Дата поступления Источник поступления Библиотека постоянного хранения Библиотека текущего хранения Место хранения Шифр хранения Штрих-код Статус экземпляра Стоимость Нумерация / хронология для периодики
Книга 17.12.2013 Обязательный экземпляр РНБ (Московский) РНБ (Московский) Русский книжный фонд: издания с 1957 года 2013-3/37546 1-15292      
Книга 17.12.2013 Обязательный экземпляр РНБ (Московский) РНБ (Московский) Обменный фонд   1-15293      
Книга 17.09.2015 Обязательный экземпляр РНБ (Московский) РНБ (Московский) Обменный фонд   1-1115819   0.00  
Книга 17.09.2015 Обязательный экземпляр РНБ (Московский) РНБ (Московский) Обменный фонд   1-1115815   0.00  
Книга 23.06.2017 Обязательный экземпляр РНБ (Московский) РНБ (Московский) Обменный фонд   1-1905407     2017
Книга 23.06.2017 Обязательный экземпляр РНБ (Московский) РНБ (Московский) Обменный фонд   1-1905406     2017
Книга 13.11.2017 Обязательный экземпляр РНБ (Московский) РНБ (Московский) Обменный фонд   1-2067618     2018
Книга 13.11.2017 Обязательный экземпляр РНБ (Московский) РНБ (Московский) Обменный фонд   1-2067619     2018